Statistics for Frank Sinatra Songs by Antonym

Click here to take the quiz!

General Stats

  • This quiz has been taken 232 times
  • The average score is 10 of 17

Answer Stats

HintAnswer% Correct
This's DeathThat's Life
96%
Hate and DivorceLove and Marriage
93%
Old at BrainYoung at Heart
87%
Misfortune be a GentLuck be a Lady
79%
Friends out the DayStrangers in the Night
75%
Young Angel SunOld Devil Moon
69%
You Got a Punch in of MeI Get a Kick out of You
64%
WizardartWitchcraft
61%
Low DoubtsHigh Hopes
55%
Go Land Without YouCome Fly With Me
53%
Winter CalmSummer Wind
50%
Unpleasant 'n' HardNice 'n' Easy
45%
Teachin' the RedsLearnin' the Blues
43%
In the Large Huge Seconds of the EveningIn the Wee Small Hours of the Morning
39%
The Boy Last WindowThe Girl Next Door
37%
A Clear NightA Foggy Day
30%
A Coarse HatredA Fine Romance
6%

Score Distribution

Percentile by Number Answered

Percent of People with Each Score

Your Score History

You have not taken this quiz